Normal view MARC view
  • Silva, José,

Entry Personal Name

Number of records used in: 9

001 - CONTROL NUMBER

  • control field: 1769

003 - CONTROL NUMBER IDENTIFIER

  • control field: NUST

005 - DATE AND TIME OF LATEST TRANSACTION

  • control field: 20170601095359.0

008 - FIXED-LENGTH DATA ELEMENTS

  • fixed length control field: 170601|| aca||aabn | a|a d

040 ## - CATALOGING SOURCE

  • Original cataloging agency: NUST
  • Transcribing agency: NUST

100 ## - HEADING--PERSONAL NAME

  • Personal name: Silva, José,
  • Dates associated with a name: 1914-

670 ## - SOURCE DATA FOUND

  • Source citation: Work cat.: (NUST)0: Silva, José, 1914-, The Silva mind control method of mental dynamics /, c1988.
© 2023 Central Library, National University of Sciences and Technology. All Rights Reserved.